000 00808nam a22002777a 4500
001 BR7909370
003 BR-BrBNA
005 20230928090503.0
007 ta
008 230509b bl.||||| |||| 00| 0 por d
040 _aBR-BrBNA
_bpor
_cBiblioteca Nacional de Agricultura
041 _a(Por)
072 _aE14; L10
_b9410
_b/G514
090 _ 9410 BR7909370
110 1 _aComissao Estadual de Planejamento Agricola, Rio Branco, AC (Brasil)
_92059
245 1 _aPrograma de inseminacao artificial para o estado do Acre [Brasil]
260 3 _aRio Branco, AC (Brasil):
_c1979.
300 _a25 p.
500 _a9 tables
650 _aPRODUCAO LEITEIRA
650 _aINSEMINACAO ARTIFICIAL
650 _aPROJETO AGRICOLA
650 _aACRE
909 _a202309
_bLucia
_c55
_dLucia Elande
942 _cBK
999 _c29043
_d29043